La institución social de la jubilación : de la sociedad industrial a la postmodernidad /

Estudio de la jubilación desde una doble perspectiva, que integra su enfoque como una institución social consolidada con el desarrollo del capitalismo y transformada en su funcionamiento y funciones en unas tendencias desarrolladas en el tiempo y el punto de vista de cómo es vivida por quienes han l...

Deskribapen osoa

Gorde:
Xehetasun bibliografikoak
Egile nagusia: Bazo Royo, María Teresa (autor)
Formatua: Liburua
Hizkuntza:gaztelania
Argitaratua: Valencia, España : NAU Llibres, 2001, c2001
Saila:(Edad y Sociedad ; 5)
Gaiak:
Etiketak: Etiketa erantsi
Etiketarik gabe, Izan zaitez lehena erregistro honi etiketa jartzen!

MARC

LEADER 00000nam^a2200000^a^4500
001 000189853
005 20250521000000.0
009 20260310102429.225
020 |a 84-7642-636-4 
037 |a Acervo ITESO - Biblioteca 
041 |a ESP 
082 |a 618. 97  |b BAZ 
100 |a Bazo Royo, María Teresa  |e (autor) 
245 1 3 |a La institución social de la jubilación :  |b de la sociedad industrial a la postmodernidad /  |c M.T. Bazo Royo ; pról. de Enrique Berjano Peirats. 
264 4 |a Valencia, España :  |b NAU Llibres,  |c 2001, c2001 
300 |a 104 p. 
336 |a texto  |b txt  |2 rdacontenido 
337 |a sin mediación  |b n  |2 rdamedio 
338 |a volumen  |b nc  |2 rdasoporte 
440 1 |a (Edad y Sociedad ;  |v 5) 
520 |a Estudio de la jubilación desde una doble perspectiva, que integra su enfoque como una institución social consolidada con el desarrollo del capitalismo y transformada en su funcionamiento y funciones en unas tendencias desarrolladas en el tiempo y el punto de vista de cómo es vivida por quienes han llegado a ella, muchas veces de manera más o menos forzada e incluso antes de lo previsto. La autora explica que la jubilación, concebida como un medio para producir la renovación de la fuerza de trabajo y permitir el retiro con la seguridad de una pensión, se transformó en una herramienta de gestión y regulación del mercado laboral -en especial durante el último tramo del siglo XX- y en una amenaza para quienes alcanzan una "cierta" edad, cada vez menos fija, pero también que en los tiempos posmodernos de inicios del siglo XXI el reverso de la moneda muestra que la jubilación abre a los trabajadores -así sea con desventajas económicas, pero con sin la incertidumbre del desempleo- nuevos caminos de emancipación y desarrollo personal para experimentar un envejecimiento satisfactorio. 
649 |a XX 
650 |a Ancianos -  |x Condiciones Económicas 
650 |a Ancianos -  |x Condiciones Sociales y Culturales 
650 |a Jubilaciones y Pensiones -  |x Aspectos Sociales y Culturales -  |x Tema Principal 
650 |a Prestaciones Laborales -  |x Aspectos Sociales y Culturales 
650 |a Previsión Social 
650 |a Dependencia Psicológica 
650 |a Autonomía Personal 
650 |a Sociedad Postindustrial 
650 |a Modernidad y Posmodernidad 
650 |a Recursos Humanos 
650 |a Sociología Laboral 
650 |a Sociología de la Economía 
650 |a Economía Laboral 
650 |a Economía 
650 |a Psicología Social 
650 |a Gerontología 
910 |a Fondo General 
920 |a Impresos - Libros 
930 |a Colección General 
905 |a 101 
901 |a 0500132929  |b IT1  |c ACC  |u 20250521 
902 |a https://opac.biblio.iteso.mx/vufind/Record/000189853